[Event "Canadian op"]
[Site "Edmonton"]
[Date "2005.07.17"]
[Round "10"]
[White "Dean, Earl"]
[Black "Bullerkist, Caitlin"]
[Result "1-0"]
[WhiteElo "1296"]
[BlackElo "1226"]
[PlyCount "103"]
[EventDate "2005.07.09"]
[EventType "swiss"]
[EventRounds "10"]
[EventCountry "CAN"]
[SourceTitle "CBM 107 Extra"]
[Source "ChessBase"]
[SourceDate "2005.09.01"]
[SourceVersion "1"]
[SourceVersionDate "2005.09.01"]
[SourceQuality "1"]

1. e4 e5 2. Nf3 Nc6 3. Bb5 Nf6 4. 0-0 Bc5 5. c3 h6 6. Bxc6 dxc6 7. Re1 Bg4 8. d4 exd4 9. cxd4 Bb6 10. e5 Nd7 11. h3 Bf5 12. Nbd2 0-0 13. Nf1 Re8 14. Ng3 Be6 15. Re4 Bd5 16. Rh4 Bxf3 17. Qxf3 Qxh4 18. Nf5 Qd8 19. Qg4 g6 20. Nxh6+ Kf8 21. Be3 c5 22. Rd1 Nb8 23. dxc5 Qc8 24. Qxc8 Rxc8 25. cxb6 axb6 26. a3 Nc6 27. f4 Rd8 28. Rc1 f5 29. exf6 Re8 30. Kf2 Re6 31. Ng4 Rc8 32. Kg3 Nb8 33. b4 Nd7 34. Bd4 c5 35. Bc3 cxb4 36. Bxb4+ Kf7 37. Rxc8 Nxf6 38. Rc7+ Ke8 39. Nxf6+ Rxf6 40. Rxb7 Kd8 41. Kg4 Kc8 42. Rh7 Kd8 43. Kg5 Rc6 44. h4 b5 45. h5 gxh5 46. Kxh5 Rf6 47. Kg5 Ra6 48. f5 Ra8 49. f6 Ke8 50. f7+ Kd7 51. f8Q+ Ke6 52. Qf5# 1-0

[Event "Canadian op"]
[Site "Edmonton"]
[Date "2005.07.11"]
[Round "4"]
[White "Dean, Earl"]
[Black "Taylor, Matthew"]
[Result "1-0"]
[WhiteElo "1296"]
[BlackElo "999"]
[PlyCount "37"]
[EventDate "2005.07.09"]
[EventType "swiss"]
[EventRounds "10"]
[EventCountry "CAN"]
[SourceTitle "CBM 107 Extra"]
[Source "ChessBase"]
[SourceDate "2005.09.01"]
[SourceVersion "1"]
[SourceVersionDate "2005.09.01"]
[SourceQuality "1"]

1. e4 e6 2. Nf3 Qf6 3. Nc3 Na6 4. b3 Nb4 5. Bb2 Nc6 6. Rb1 Bc5 7. Nb5 Qd8 8. Bxg7 a5 9. Bxh8 e5 10. Nxe5 Nxe5 11. Bxe5 Bb6 12. Bc4 h5 13. 0-0 f6 14. Bc3 c6 15. Nd4 Ne7 16. Qxh5+ Ng6 17. Qxg6+ Ke7 18. Nf5+ Kf8 19. Qf7# 1-0